LIBRARY & INFORMATION CENTRE, KCAET, TAVANUR

ONLINE PUBLIC ACCESS CATALOGUE (OPAC)

Development and Evaluation of avacuum fried jackfruit chips (Artocarpus heterophylluS) (Record no. 15714)

MARC details
000 -LEADER
fixed length control field 00509nam a22001697a 4500
003 - CONTROL NUMBER IDENTIFIER
control field OSt
082 ## - DEWEY DECIMAL CLASSIFICATION NUMBER
Classification number 664
Item number ANU/D
088 ## - REPORT NUMBER
Report number P 447
100 ## - MAIN ENTRY--AUTHOR NAME
Personal name Anusha K George
100 ## - MAIN ENTRY--AUTHOR NAME
Personal name Fairoosa K
100 ## - MAIN ENTRY--AUTHOR NAME
Personal name Fathima Thasneem S A
100 ## - MAIN ENTRY--AUTHOR NAME
Personal name Surya Rajan
245 ## - TITLE STATEMENT
Title Development and Evaluation of avacuum fried jackfruit chips (Artocarpus heterophylluS)
260 ## - PUBLICATION, DISTRIBUTION, ETC. (IMPRINT)
Place of publication Tavanur
Name of publisher Department of Processing and Food Engineering
Year of publication 2019
700 ## - ADDED ENTRY--PERSONAL NAME
Personal name Rajesh G K ( Guide)
942 ## - ADDED ENTRY ELEMENTS (KOHA)
Koha item type Project Report
Holdings
Collection code Home library Current library Shelving location Full call number Accession Number Koha item type
Reference KAUAET KAUAET Reference 664 ANU/D P 447 Project Report
free website counter